00325naa a2200121 a 450000100080000000500110000800800410001924500460006026000090010665300100011565300100012577300680013510391152005-09-01 2005 bl uuuu u00u1 u #d aTEMPORADA 2005/2006 tera R$ 53,3 bilhoes. c2005 aPreco aSafra tAgroanalysis, Rio de Janeirogv. 25, n. 7, p. 16-17, jul. 2005.